[Event "2nd Sharjah Masters 2018"]
[Site "Sharjah"]
[Date "2018.04.15"]
[Round "5"]
[White "Dhulipalla Bala Chandra Prasa"]
[Black "Kakulidis, Ellen"]
[Result "1-0"]
[WhiteElo "2294"]
[BlackElo "1975"]
[Annotator "TA"]
[PlyCount "139"]
[EventDate "2018.??.??"]
[EventType "swiss"]
[EventCountry "UAE"]
[SourceTitle "playchess.com"]
[Source "ChessBase"]
[SourceQuality "1"]

{[%evp 17,139,7,21,7,31,14,27,29,57,45,49,47,59,60,73,63,70,71,68,75,54,58,70,83,86,81,92,74,222,212,216,95,101,82,95,96,132,121,120,122,126,88,88,89,58,30,58,59,61,66,64,65,59,58,44,48,126,124,123,66,66,66,164,147,147,108,129,71,114,114,195,190,149,150,149,149,149,8,522,503,1858,1694,12028,12025,11977,11894,11798,11694,10302,4678,9973,9758,9070,9062,5708,6039,5181,4670,2852,2129,5720,5479,10838,4610,9973,9070,7050,4706,29958,12827,29983,29984,29984,29983,29983,29984,29986,29987,29988,29987,29987,29988,29989,29990]} 1. e4 e5 2. Nf3 Nc6 3. d3 Nf6 4. c3 Be7 5. b4 a6 6. Nbd2 {C44: Ponziani Opening and Scotch Gambit} d5 7. Bb2 (7. Be2 O-O 8. O-O Re8 9. Qc2 Bd6 10. Bb2 Bg4 11. Rfe1 h6 12. a3 Qd7 13. h3 Bh5 {1-0 (43) Debashis,D (2501)-Bogner,S (2557) Hoogeveen 2015}) 7... O-O 8. Be2 Re8 9. O-O Bf8 {LiveBook: 5 Games} 10. Re1 g6 11. Bf1 Bg7 12. a3 dxe4 13. dxe4 Nh5 $146 ({Find the theoretical novelty and annotate with similar games:} 13... Qe7 14. Qc2 b6 15. a4 Bb7 {1-0 (41) Toma,K (2261)-Korosciel,A (2056) Wroclaw 2011}) 14. g3 Qe7 15. Nc4 {[%cal Bd2c4,Bc4e3,Be3d5][%mdl 32]} Rd8 16. Qc2 Be6 17. Ne3 Rd7 18. Bg2 Rad8 19. c4 Nd4 20. Nxd4 exd4 21. Nd5 Qf8 22. Qd3 c5 (22... b5 $16) 23. bxc5 $18 Qxc5 24. Red1 (24. a4 $1 $18 {and White stays clearly on top.}) 24... b5 $16 25. cxb5 ({Reject} 25. Bxd4 Qxc4 26. Qe3 Bxd5 $11) 25... Qxb5 26. Bxd4 Bxd5 27. Qxb5 axb5 28. exd5 Nf6 29. Rab1 {Hoping for Bb6.} Nxd5 30. Bxg7 $1 Kxg7 31. Bh3 Rd6 32. Bf1 Nc3 33. Rxd6 Rxd6 $14 {[%mdl 4096] Endgame KRB-KRN} 34. Rb3 Rc6 35. Bxb5 Nxb5 36. Rxb5 {KR-KR} Rc1+ ({Black should try} 36... Ra6 $14) 37. Kg2 $16 Ra1 38. Rb3 ({White should play} 38. Ra5 $1 $16) 38... h5 $14 39. h4 Kf6 (39... f6 $14) 40. Kf3 Ke5 41. Ke3 f6 42. Kd3 (42. Rb5+ $142 Ke6 43. Ra5) 42... g5 43. Rb5+ Kd6 (43... Ke6 $16) 44. hxg5 $18 Rxa3+ 45. Ke2 fxg5 46. Rxg5 h4 47. g4 (47. gxh4 $16 {next f3 is good for White.} Ke6 48. h5) 47... Ke6 $2 {[%mdl 8192]} (47... Ra4 $11 {and Black has nothing to worry.}) 48. Rh5 h3 {[#]} (48... Kf6 $142 49. f3 (49. Rxh4 Kg5 $11) 49... Ra2+ 50. Ke3 Rh2) 49. f3 $1 h2 50. Kf2 Kf6 51. Rxh2 Kg6 52. Kg3 Rb3 53. Ra2 (53. Rh5 $142 Ra3 54. Rd5) 53... Kg5 54. Ra5+ Kg6 55. Rd5 Ra3 56. Kf2 Rb3 57. Re5 Ra3 58. Re3 Ra4 59. Kg3 Kg5 {[#]} 60. f4+ $1 Kf6 (60... Rxf4 61. Re5+) 61. g5+ Kg6 62. Kg4 Ra1 63. f5+ Kg7 64. Re7+ {White mates.} Kf8 65. Rb7 Rg1+ 66. Kh5 Rh1+ {[#]} 67. Kg6 $1 Ra1 68. Rb8+ Ke7 69. f6+ {[%cal Bf5f6,Bf6f7][%mdl 32]} Kd7 70. f7 {Precision: White = 62%, Black = 27%.} 1-0

[Event "2nd Sharjah Masters 2018"]
[Site "Sharjah"]
[Date "2018.04.15"]
[Round "5"]
[White "Pranav Vijay"]
[Black "Balasubramaniam H"]
[Result "1-0"]
[WhiteElo "2265"]
[BlackElo "2060"]
[Annotator "TA"]
[PlyCount "136"]
[EventDate "2018.??.??"]
[EventType "swiss"]
[EventCountry "UAE"]
[SourceTitle "playchess.com"]
[Source "ChessBase"]
[SourceQuality "1"]

{[%evp 17,136,-14,-12,-32,0,0,28,0,27,-8,0,-56,-54,-57,-37,-91,-81,-118,-118,-122,-120,-102,-97,-122,-130,-122,-130,-139,-72,-169,-148,-153,-180,-195,-103,-104,-91,-83,-85,-95,-109,-213,-231,-215,-231,-214,-228,-226,-187,-222,-162,-208,-149,-149,-145,-156,-84,-89,-79,-104,0,0,0,0,0,0,0,-20,0,-104,-38,-48,-16,-70,0,-252,-264,-214,0,-51,0,-228,0,-165,0,0,0,0,0,0,0,0,0,0,0,0,0,0,0,0,185,1,122,1,266,266,253,122,122,106,105,105,106,106,74,0,29983,29984,29988,29987,29990]} 1. e4 c5 2. Nf3 e6 3. d3 Nc6 4. g3 g6 5. Bg2 Bg7 6. O-O Nge7 7. Qe2 d6 8. c3 e5 {C00: French: Unusual White 2nd moves} (8... O-O 9. a3 b5 10. b4 cxb4 11. axb4 a5 12. Bb2 Bd7 13. Na3 Qb6 14. bxa5 Rxa5 15. c4 b4 16. Nb5 Rfa8 17. Bxg7 Kxg7 {½-½ (53) Bauer,C (2628)-Prusikin,M (2512) Switzerland 2018}) 9. Nbd2 O-O {LiveBook: 3 Games} 10. Nh4 g5 $146 {Black is slightly better.} ({Predecessor:} 10... Be6 11. Nhf3 h6 12. Ne1 Qd7 13. Nc2 d5 14. exd5 Bxd5 15. Bxd5 Qxd5 16. Ne4 b6 17. Bxh6 f5 18. Bxg7 Kxg7 19. Ng5 Rfe8 20. d4 cxd4 21. cxd4 e4 22. Ne3 Nxd4 23. Qd2 {1-0 (23) Sansorgne,E (2075)-Scandella,T (2095) France 2006}) 11. Nhf3 Ng6 12. h3 h6 13. Nc4 f5 14. Nh2 (14. exf5 $1 $11 Bxf5 15. Ne3) 14... f4 $1 $15 15. Qh5 Kh7 16. Bf3 (16. a4 $15) 16... Be6 $17 17. Bg4 Bf7 $1 18. Bf5 Nce7 $1 19. Qe2 Nxf5 20. exf5 Ne7 21. g4 Nc6 22. Rd1 Bf6 (22... Re8 $142 23. Nd2 d5) 23. Nf3 (23. Nd2 $17 {was called for.}) 23... Re8 24. Ncd2 d5 25. Qf1 {[#]} Qc7 (25... c4 $1 $19 {[%mdl 512] aiming for ...cxd3.} 26. dxc4 e4 27. cxd5 e3 28. fxe3 fxe3) 26. c4 Nd4 27. Nxd4 exd4 28. cxd5 Bxd5 29. Ne4 (29. f3 $17) 29... Bxe4 $19 30. dxe4 Rxe4 31. Qc4 Kg7 32. Bd2 b6 33. Rac1 Qf7 34. Qb5 Qe8 35. Qa6 Qc8 36. Qd3 Re7 (36... Qc6 $142 37. b4 Rae8 38. bxc5 bxc5) 37. b4 $17 Rc7 {Strongly threatening ...c4.} 38. bxc5 Rxc5 ({Black should try} 38... bxc5 $17 39. Ba5 Rc6) 39. Rxc5 $11 Qxc5 40. Rc1 Qd6 41. h4 Qd7 42. h5 Rc8 43. Re1 (43. Rxc8 $11 Qxc8 44. Qb5) 43... Qd5 (43... Rc7 $17 44. Re6 Qd5) 44. Qa3 Rc7 {next ...d3 is good for Black.} 45. Re6 (45. Re8 $11 Rf7 46. Kh2) 45... Qc5 (45... d3 $15 46. Qd6 Qxd6 47. Rxd6 f3 48. Rxd3 Rc4) 46. Qd3 $2 {[%mdl 8192]} (46. Qf3 $11) 46... Qc2 $19 47. Qe2 Qc4 $2 (47... d3 $19 48. Qe1 Qxa2) 48. Qe4 $1 $15 Qc2 $2 (48... d3 $15 49. Qa8 Rf7) 49. Qe2 $1 $19 {[#] intending Rxf6.} Qc4 $2 ({Don't do} 49... Qxa2 50. Rd6) (49... d3 $1 $19 {[%cal Rd3e2]} 50. Qe1 Qxa2) 50. Qe1 $2 (50. Qe4 $1 $11) 50... Rf7 $2 (50... Qxa2 $19 {White must now prevent ...d3.} 51. Bb4 d3) 51. Qe4 $11 Qxa2 {[#]} 52. Rxf6 $1 {[%mdl 512]} Rxf6 53. Qxd4 {[%mdl 4096] Endgame KQR-KQB} Qf7 54. Bc3 Qe7 $1 55. Qd5 Kh7 56. Bxf6 Qxf6 {KQ-KQ} 57. Qd7+ Kg8 58. Qxa7 Kh8 $2 (58... Qd6 $11) 59. Qb7 $2 (59. Qd7 $18) 59... Kg8 (59... Qd6 $11 {remains equal.}) 60. Kg2 ({White should play} 60. Qd7 $16) 60... Kh8 $2 {[%mdl 8192]} (60... Qd6 $1 $11 {and Black stays safe.}) 61. Qc8+ Kg7 62. Kf3 (62. Qe8 $18 {and White stays clearly on top.}) 62... Qd6 $16 63. Qb7+ Kf6 {[#] And now ...Qd1+ would win.} 64. Kg2 $1 Ke5 65. Qg7+ Ke4 66. f6 (66. Qc3 $16) 66... f3+ $2 {[%mdl 8192]} (66... Qe6 $11) 67. Kh3 Qd1 68. Qe7+ Kd5 {Precision: White = 41%, Black = 36%.} 1-0

[Event "2nd Sharjah Masters 2018"]
[Site "Sharjah"]
[Date "2018.04.15"]
[Round "5"]
[White "Raahul V S"]
[Black "Polakhare Aryan"]
[Result "1-0"]
[WhiteElo "2258"]
[BlackElo "1966"]
[Annotator "TA"]
[PlyCount "81"]
[EventDate "2018.??.??"]
[EventType "swiss"]
[EventCountry "UAE"]
[SourceTitle "playchess.com"]
[Source "ChessBase"]
[SourceQuality "1"]

{[%evp 15,81,-25,0,-55,-9,-27,-52,-40,16,0,20,25,73,62,69,75,137,135,123,0,268,252,239,232,278,209,356,360,587,562,1005,929,29972,29973,6612,2070,2070,1943,1873,1570,29978,29980,29987,29987,29987,29971,29971,29972,29971,29973,29978,29979,29979,29979,29989,29990,29990,29991,29992,29993,29996,29994,29995,29996,29996,29996,29998,29999]} 1. c4 e5 2. Nc3 Nf6 3. g3 Bb4 4. Bg2 Bxc3 5. bxc3 O-O 6. Nf3 Re8 7. O-O Nc6 {A22: English Opening: 1...e5 2 Nc3 Nf6} 8. d4 (8. Ne1 d6 9. e4 Nd7 10. f4 exf4 11. Rxf4 a6 12. d4 b5 13. e5 Ndb8 14. Qh5 dxe5 15. Rh4 {1-0 (37) Dubov,D (2660)-Mchedlishvili,M (2601) Doha 2016}) 8... d6 {LiveBook: 3 Games} 9. Rb1 (9. Bg5 $11) 9... Rb8 {Black is slightly better.} 10. Nh4 $146 {Threatens to win with Bxc6.} ({Predecessor:} 10. h3 Qe7 11. e3 a6 12. Qc2 Nd7 13. Re1 e4 14. Nd2 f5 15. f4 exf3 16. Nxf3 {1-0 (38) Maruncic,V (2096)-Cesaric,S (1848) Dubrovnik 2013}) 10... Na5 11. c5 exd4 ({Black should try} 11... h6 $15) 12. cxd4 $11 dxc5 13. dxc5 Qe7 14. Qa4 b6 15. Bd2 $36 {[%mdl 2048] Keeping Black busy.} Ba6 (15... Qd7 $142 16. Qxd7 Bxd7) 16. Bxa5 $16 bxa5 17. Qxa5 (17. Rxb8 $16 Rxb8 18. Qxa5) 17... Bxe2 $2 {[%mdl 8192]} (17... Rxb1 $11 {and Black stays safe.} 18. Rxb1 Qxe2) 18. Rxb8 $18 Rxb8 {[#]} 19. Re1 $1 (19. Qxa7 Rb2 $14) 19... Rb2 20. Bf1 ({Weaker is} 20. Qxa7 Qd8 $14) 20... Qe6 (20... Qe4 {was worth a try.} 21. Ng2 (21. Qxc7 g6 $16) (21. Qxa7 g5 $16) 21... Qf3) 21. Qxc7 g5 $2 {[#]} (21... g6 22. c6 Kg7) 22. Nf3 $1 {[%mdl 512]} Qxa2 (22... Bxf3 23. Rxe6) 23. Qe5 Bxf3 24. Qxg5+ Kf8 25. Qh6+ (25. Qxf6 $142 Be2 26. c6) 25... Kg8 26. Qxf6 {[%cal Re1e8]} Be2 27. Qe5 a5 28. Bxe2 {White mates.} f6 29. Qe8+ Kg7 30. Qe7+ Qf7 31. Qxf7+ Kxf7 {[%mdl 4096] Endgame KRB-KR} 32. Bc4+ Kg6 33. c6 Rb8 34. Be6 a4 35. c7 Ra8 36. Rd1 a3 37. Rd8 Ra6 {[#]} 38. Bf5+ $1 Kh6 (38... Kxf5 39. c8=Q+) 39. c8=Q Ra7 40. Rg8 a2 41. Qc1+ {Precision: White = 69%, Black =  9%.} 1-0

[Event "2nd Sharjah Masters 2018"]
[Site "Sharjah"]
[Date "2018.04.15"]
[Round "5"]
[White "Ashwath, R."]
[Black "Adly, Ahmed"]
[Result "1/2-1/2"]
[WhiteElo "2250"]
[BlackElo "2626"]
[Annotator "TA"]
[PlyCount "60"]
[EventDate "2018.??.??"]
[EventType "swiss"]
[EventCountry "UAE"]
[SourceTitle "playchess.com"]
[Source "ChessBase"]
[SourceQuality "1"]

{[%evp 11,60,25,47,33,68,57,73,58,73,76,89,84,89,86,91,81,102,96,115,103,123,104,97,0,76,88,87,84,63,73,124,128,175,162,137,131,133,138,152,120,241,237,218,234,459,439,406,229,206,114,195]} 1. d4 Nf6 2. c4 g6 3. Nc3 Bg7 4. e4 O-O 5. Nf3 {[%cal Bg1f3,Bf3d4,Bd4c2][%mdl 32]} d6 6. Be2 b6 {LiveBook: 13 Games} 7. d5 {E91: King's Indian: Classical: 6 Be2, unusual replies including 6...c5 and 6...Bg4} (7. O-O Bb7 8. Qc2 Nbd7 9. Rd1 e6 10. Rb1 Qe7 11. b4 a5 12. a3 Rfb8 13. h3 h6 14. Be3 g5 15. Nd2 Nf8 16. b5 {0-1 (55) Estremera Panos,S (2360)-Manolache,M (2492) Pontevedra 2016}) 7... c6 8. O-O Bb7 9. Be3 Nbd7 10. Nd4 c5 $146 ({Predecessor:} 10... Qc7 11. dxc6 Bxc6 12. Nd5 Bxd5 13. exd5 a6 14. Nc6 Rfe8 15. Rc1 Nb8 16. Nxb8 Raxb8 {1-0 (40) Adamyan,M (1812)-Bitkova,J (1282) Porec 2015}) 11. Nc2 Qc7 12. Qd2 Rae8 13. Rad1 Kh8 14. Rfe1 Ng8 15. a4 Bc8 16. Nb5 Qb8 17. Nc3 (17. b4 $16) 17... Ne5 (17... Qc7 $1 $11) 18. h3 $16 f5 19. f4 Nf7 20. exf5 gxf5 ({Black should play} 20... Bxf5 21. Bf2 Nd8) 21. Bf3 a5 22. Bf2 Bh6 23. Bh4 $36 {[%mdl 2048] Black is under strong pressure.} Ne5 24. Bh5 Nxc4 {[#]} 25. Qe2 $1 Nxb2 (25... Ba6 $16) 26. Rb1 $18 Bg7 27. Bxe8 Rxe8 $2 (27... Bxc3 28. Bb5 c4 29. Bxe7 Nxe7) 28. Qb5 ({Stronger than} 28. Rxb2 Bxc3 29. Rb3 Bxe1 $11) 28... Bb7 29. Rxb2 ({Don't play} 29. Qxb2 Bxd5 30. Re3 Ba8 $18) (29. Re3 $142) 29... Bxc3 30. Qxb6 {[#] And now Rb5 would win.} Bb4 {Precision: White = 55%, Black = 38%.} 1/2-1/2

[Event "2nd Sharjah Masters 2018"]
[Site "Sharjah"]
[Date "2018.04.15"]
[Round "5"]
[White "Aradhya, Garg"]
[Black "Abid Ali Mujawar"]
[Result "1-0"]
[WhiteElo "2218"]
[BlackElo "1800"]
[Annotator "TA"]
[PlyCount "49"]
[EventDate "2018.??.??"]
[EventType "swiss"]
[EventCountry "UAE"]
[SourceTitle "playchess.com"]
[Source "ChessBase"]
[SourceQuality "1"]

{[%evp 12,48,24,19,28,26,22,25,34,26,22,23,46,10,36,22,37,14,60,36,130,87,162,156,163,154,161,156,150,148,728,726,716,716,708,704,926,917,29999]} 1. d4 d5 2. c4 c6 3. cxd5 cxd5 4. Bg5 Nc6 (4... h6 5. Bh4 Qb6 6. Nc3 e5 7. Nf3 Nc6 8. e3 exd4 9. Nxd4 Qxb2 10. Nxd5 Bb4+ 11. Nxb4 Qc3+ {0-1 (20) Mamedyarov,S (2809)-Andreikin,D (2712) Moscow 2018}) 5. Nc3 Qb6 6. e3 {D10: Slav Defence: 3 cxd5 (without early Nf3) and 3 Nc3} e6 7. Qd2 {LiveBook: 7 Games} Bd7 8. Bd3 {White has an edge.} Rc8 $146 ({Predecessor:} 8... Bd6 9. Nge2 Nge7 10. O-O O-O {1-0 (108) Gogolis,A (2283)-Tepelenis,N (2121) Athens 2008}) 9. Nf3 Nb4 10. Be2 Bd6 11. O-O Ne7 12. Rfc1 O-O 13. a3 Na6 14. b4 {[%cal Bb2b4,Bb4b5][%mdl 32]} Nc7 (14... f6 $5 {[%cal Rf6g5]} 15. Bh4 Nf5 $14) 15. Bd3 f5 ({Better is} 15... f6 $14 16. Bh4 a6) 16. b5 $36 {[%mdl 2048] And now Na4 would win. Black is under strong pressure.} Qa5 (16... Ne8 $16) 17. Bxe7 $18 Bxe7 {[#]} 18. Nxd5 $1 {[%mdl 512]} Qxd2 (18... Nxd5 19. Qxa5) 19. Nxe7+ Kf7 {Hoping for ...Qxc1+!} 20. Nxc8 Qa5 $2 {[%mdl 8192]} (20... Qxc1+ $16 21. Rxc1 Rxc8 22. Ne5+ Ke7) 21. Ne5+ Kg8 22. Ne7+ ({Weaker is} 22. Nxd7 Rxc8 23. Rc5 Qd2 $18) 22... Kh8 23. Nxd7 Rd8 24. Ne5 {[%cal Re5f7] [#]} Re8 25. Nf7# {Precision: White = 57%, Black = 12%.} 1-0

[Event "2nd Sharjah Masters 2018"]
[Site "Sharjah"]
[Date "2018.04.15"]
[Round "5"]
[White "Aditya Mittal"]
[Black "Mahajan Ayush"]
[Result "1-0"]
[WhiteElo "2212"]
[BlackElo "1559"]
[Annotator "TA"]
[PlyCount "113"]
[EventDate "2018.??.??"]
[EventType "swiss"]
[EventCountry "UAE"]
[SourceTitle "playchess.com"]
[Source "ChessBase"]
[SourceQuality "1"]

{[%evp 13,113,31,31,-31,-22,-34,12,12,41,59,59,59,59,53,52,52,48,56,49,58,87,93,86,47,64,62,62,47,54,54,34,54,95,28,21,16,116,106,120,108,133,102,152,123,141,91,192,183,169,102,102,105,126,106,128,104,179,20,14,0,140,131,265,159,189,153,253,264,270,258,270,243,233,171,171,183,172,154,422,416,422,375,496,495,696,576,698,698,2660,1917,1481,953,1417,1528,29983,29984,29993,29991,29993,29989,29995,29990]} 1. d4 d5 2. c4 e6 3. Nc3 Be7 4. cxd5 exd5 5. Bf4 c6 6. e3 Nf6 7. Bd3 Nbd7 {[%cal Bb8d7,Bd7f6,Bf6e4][%mdl 32] LiveBook: 65 Games} 8. Nge2 {D35: Queen's Gambit Declined: Exchange Variation} ({Better is} 8. h3 $14) (8. h3 Nf8 9. Nf3 Ng6 10. Bh2 Bd6 11. Bxd6 Qxd6 12. O-O O-O 13. Rb1 Re8 14. b4 a6 15. a4 Ne4 16. Bxe4 dxe4 17. Nd2 f5 18. b5 axb5 19. axb5 Be6 20. bxc6 bxc6 {½-½ (63) Nakamura,H (2791)-Vachier Lagrave,M (2819) chess.com INT 2016}) 8... Nh5 $15 9. Bg3 Ndf6 $146 ({Predecessor:} 9... g6 10. Qc2 Bf6 11. b4 a6 12. O-O Nxg3 13. Nxg3 O-O 14. a4 Re8 15. b5 axb5 16. axb5 Rxa1 17. Rxa1 {1-0 (36) Frisk,E (2311)-Guindy,E (2062) Koge 2014}) 10. Bh4 {The position is equal.} Ne4 11. Bxe7 Qxe7 12. Bxe4 dxe4 13. d5 Nf6 14. dxc6 bxc6 15. O-O O-O 16. Qa4 c5 17. Rac1 Bd7 18. Qc2 Rfc8 19. Rfd1 Bc6 20. Nf4 Qe5 21. h3 g5 22. Nfe2 Nd7 23. g4 (23. Qd2 $16) 23... h5 $11 24. Ng3 Nf6 (24... hxg4 $11 25. hxg4 Nf6) 25. gxh5 $16 Qe6 26. Kg2 Bd7 27. Rh1 {[%cal Rg3e4]} Bc6 28. Rcd1 Rd8 29. Nce2 Rxd1 (29... Nd7 $16) 30. Rxd1 $18 Bd7 31. Rh1 (31. Qxc5 $18 Qxh3+ 32. Kg1) 31... Rc8 32. Nc3 Bc6 33. Qe2 Rd8 34. h4 g4 (34... Nh7 $16 35. h6 Kh8 36. hxg5 Nxg5) 35. Rd1 $2 {[#]} ({White should play} 35. Qa6 $18) 35... Rd3 $1 $11 36. Kh2 Rxd1 (36... c4 $1 $11 {keeps the balance.}) 37. Qxd1 $16 Qe5 (37... Nd7 $16 {was necessary.} 38. Ncxe4 Bxe4) 38. Nce2 Nxh5 39. Qd8+ Kg7 (39... Kh7 $16) 40. Qc8 $18 Nxg3 41. Nxg3 ({Resist} 41. Qxg4+ $6 Kh6 $16) 41... Qe6 42. Nh5+ Kh7 43. Qxe6 fxe6 {[%mdl 4096] Endgame KB-KN} 44. Nf6+ Kg6 45. Nxg4 {[#] Strongly threatening Ne5+.} Kh5 $2 (45... Kf5 $16 {was called for.} 46. Kg3 Be8) 46. Kg3 a5 47. Ne5 Bd5 48. a3 c4 (48... Bb3 $142 49. Nd7 c4 50. Nf6+ Kg6) 49. Kh3 Kh6 50. Kg4 Kg7 51. Kg5 Kh7 52. h5 {[%cal Bh4h5,Bh5h6][%mdl 32]} a4 53. h6 c3 54. bxc3 {[%cal Bb2c3,Bc3c4,Bc4c5,Bc5c6][%mdl 32] White mates.} Kg8 55. c4 Bb7 56. c5 Bc8 57. c6 {Precision: White = 61%, Black = 20%.} 1-0

[Event "2nd Sharjah Masters 2018"]
[Site "Sharjah"]
[Date "2018.04.15"]
[Round "5"]
[White "Sultan, Ibrahim"]
[Black "Kowsarinia, Amir"]
[Result "0-1"]
[WhiteElo "2141"]
[BlackElo "2316"]
[Annotator "TA"]
[PlyCount "114"]
[EventDate "2018.??.??"]
[EventType "swiss"]
[EventCountry "UAE"]
[SourceTitle "playchess.com"]
[Source "ChessBase"]
[SourceQuality "1"]

{[%evp 13,114,45,43,32,46,44,48,21,43,38,50,41,83,94,104,110,110,102,103,106,84,89,97,66,76,83,114,114,171,167,174,160,183,179,183,179,159,156,143,147,162,0,0,0,0,0,0,0,0,0,0,-439,-452,-633,-547,-534,-535,-533,-526,-504,-102,-102,-101,-168,-43,-71,-19,-13,-30,-38,-6,-26,-8,-7,13,0,0,0,0,0,0,-57,-28,-58,-12,-12,-12,-60,-60,-685,-685,-685,-685,-685,-685,-693,-685,-623,-621,-29993,-29990,-29994,-29991]} 1. d4 e6 2. c4 b6 3. Nf3 Bb7 4. g3 f5 5. Bg2 Nf6 6. O-O Bd6 7. Nc3 {A84: Dutch Defence: 2 c4 Miscellaneous} (7. b3 O-O 8. Bb2 a5 9. Nc3 Na6 10. a3 Qe8 11. e3 Rb8 12. Qe2 h6 13. Rfd1 Be7 14. Ne5 Bxg2 15. Kxg2 {0-1 (39) Kojima,S (2403)-Hou,Y (2686) Honolulu 2015}) 7... O-O {LiveBook: 12 Games} 8. Qc2 Nc6 9. a3 {White is slightly better.} a6 $146 ({Predecessor:} 9... Rc8 10. b3 a6 11. Bb2 f4 12. Rad1 Qe8 13. Ne4 Nxe4 14. Qxe4 Qh5 {1-0 (43) Brown,M (2121)-Taylor,T (2279) Los Angeles 2011}) 10. b3 Qe7 11. Bb2 Nd8 12. Rfd1 Ne4 13. b4 c5 14. bxc5 bxc5 15. d5 Rb8 16. Rab1 Nf6 17. Nd2 Nf7 18. Ba1 Be5 19. Nf3 Bc7 20. e4 f4 (20... fxe4 $16 {was necessary.} 21. Nxe4 Nxe4 22. Qxe4 Nd6) 21. e5 $18 Nxe5 22. Nxe5 Bxe5 23. d6 Qf7 24. Rxb7 fxg3 25. hxg3 Rxb7 26. Bxb7 Ng4 {[%cal Rg4f2] [#]} 27. f4 $2 (27. Nd5 $1 $18) 27... Bxf4 $1 $11 28. gxf4 Qxf4 29. Ne4 Qe3+ (29... Ne3 $5 30. Qe2 $8 Nxd1 31. Qxd1 Rb8 $11) 30. Kg2 $1 Qh6 {[%csl Gg4][%cal Rh6h2] [#]} 31. Kg1 Ne3 32. Qd2 $2 {[%mdl 8192]} (32. Qh2 $1 $11 Qg6+ 33. Ng3 Nxd1 34. Be4) 32... Qg6+ $19 33. Kh1 (33. Ng5 $142 Qxg5+ 34. Bg2) 33... Qh5+ 34. Kg1 Qg4+ 35. Kh1 Nxd1 36. Qg2 Qxg2+ $2 (36... Qh4+ $19 37. Kg1 Qe1+ 38. Kh2 Rf7) 37. Kxg2 $17 Ne3+ 38. Kg3 (38. Kh2 $17 {might work better.}) 38... a5 (38... Nxc4 $19 {Strongly threatening ...Rf1.} 39. Bc3 Nxa3 40. Bxa6 c4) 39. Nxc5 Nf5+ (39... Nxc4 $17 {Threatens to win with ...Rf1.} 40. Nxd7 Rd8) 40. Kg2 $1 $11 Nxd6 41. Ba6 $1 Rf7 42. a4 h5 43. Bb5 $1 Kh7 44. Be5 Nf5 $1 {...d6 is the strong threat.} 45. Ne4 {Black must now prevent Ng5+.} Ne3+ 46. Kg3 {And now Ng5+ would win.} Rf5 47. Bc3 ({White should play} 47. Bd6 $11) 47... g5 {[%cal Bg7g5,Bg5g4,Bg4g3][%mdl 32]} 48. Bxd7 h4+ 49. Kh2 Kg6 {aiming for ...Rf4.} 50. Bxe6 (50. c5 $5 {[%cal Rd7e6]}) 50... Rf4 51. Nd6 $2 {[%mdl 8192]} (51. Nd2 $15) 51... g4 $19 52. Bd5 Rf2+ 53. Kg1 g3 {[%csl Ge3][%cal Rf2f1]} 54. Be4+ Kh5 {[%csl Ge3][%cal Rf2f1]} 55. Bd3 h3 {[%cal Bh4h3,Bh3h2][%mdl 32] ( -> ...h2+)} 56. Bd4 h2+ 57. Kh1 Rd2 {Precision: White = 61%, Black = 51%.} 0-1